000 00350 a2200169 4500
001 192525
020 _a978-85-16-08486-8
040 _cMagnum
100 _aGovan, Nina
240 1 0 _aLuís, o leão
_lpor
245 1 0 _aLuís, o leão
300 _a10
362 0 _a2013
440 1 _aSalamandra
697 _aLITERATURA INFANTIL
942 _cBK
999 _c192525
_d192525